| 000 | 02696nam a2200373 4500 | ||
|---|---|---|---|
| 001 | 72 | ||
| 003 | OSt | ||
| 005 | 20250528074011.0 | ||
| 008 | 250123b |||||||g |||| 00| 1 eng d | ||
| 020 | _a8575421468 | ||
| 040 | _bpor | ||
| 041 |
_heng _apor |
||
| 082 |
_a813 _bB877a |
||
| 100 | 1 |
_aBrown, Dan, _d1964- _9179 |
|
| 240 | _aAngels & Demons | ||
| 245 |
_aAnjos e Demonios / _cBrown, Dan ; Tradução de Maria Luiza Newlands da Silveira |
||
| 260 |
_aRio de Janeiro _bSextante _c2004 |
||
| 300 | _a461 p. | ||
| 490 | 1 |
_aSaga Robert Langdon _vLivro 01 |
|
| 500 | _aAnjos e Demonios | ||
| 520 | _aAntes de decifrar ´O Código Da Vinci´, Robert Langdon, o famoso professor de simbologia de Harvard, vive sua primeira aventura em Anjos e Demônios, quando tenta impedir que uma antiga sociedade secreta destrua a Cidade do Vaticano. Às vésperas do conclave que vai eleger o novo Papa, Langdon é chamado às pressas para analisar um misterioso símbolo marcado a fogo no peito de um físico assassinado em um grande centro de pesquisas na Suíça. Ele descobre indícios de algo inimaginável: a assinatura macabra no corpo da vítima - um ambigrama que pode ser lido tanto de cabeça para cima quanto de cabeça para baixo - é dos Illuminati, uma poderosa fraternidade considerada extinta há quatrocentos anos. A antiga sociedade ressurgiu disposta a levar a cabo a lendária vingança contra a Igreja Católica, seu inimigo mais odiado. De posse de uma nova arma devastadora, roubada do centro de pesquisas, ela ameaça explodir a Cidade do Vaticano e matar os quatro cardeais mais cotados para a sucessão papal. Correndo contra o tempo, Langdon voa para Roma junto com Vittoria Vetra, uma bela cientista italiana. Numa caçada frenética por criptas, igrejas e catedrais, os dois desvendam enigmas e seguem uma trilha que pode levar ao covil dos Illuminati - um refúgio secreto onde está a única esperança de salvação da Igreja nesta guerra entre ciência e religião. Em Anjos e Demônios, Dan Brown demonstra novamente sua extraordinária habilidade de entremear suspense com fascinantes informações sobre ciência, religião e história da arte, despertando a curiosidade dos leitores para os significados ocultos deixados em monumentos e documentos históricos. | ||
| 650 | 0 |
_aLiteratura Americana _984 |
|
| 650 | 0 |
_aSuspense _910 |
|
| 650 | 0 |
_aMistério _942 |
|
| 650 | 0 |
_aAventura _947 |
|
| 650 | 0 |
_aHistórico _953 |
|
| 650 | 0 |
_aReligião _9100 |
|
| 650 | 0 |
_aFilme _926 |
|
| 655 | 0 |
_aRomance _923 |
|
| 655 | 0 |
_aFicção _922 |
|
| 700 |
_aMaria Luiza Newlands da Silveira _eTradutor _9180 |
||
| 830 |
_aSaga Robert Langdon _9181 _vLivro 01 |
||
| 942 |
_2ddc _n0 _cBK |
||
| 999 |
_c72 _d72 |
||